|
|
|
|
| LEADER |
00000naa2a2200000 4500 |
| 001 |
606044 |
| 005 |
20231101132401.0 |
| 035 |
|
|
|a (RuTPU)RU\TPU\conf\3407
|
| 035 |
|
|
|a RU\TPU\conf\3406
|
| 090 |
|
|
|a 606044
|
| 100 |
|
|
|a 20140514d2014 k y0rusy50 ca
|
| 101 |
0 |
|
|a rus
|
| 102 |
|
|
|a RU
|
| 105 |
|
|
|a y z 101zy
|
| 135 |
|
|
|a drcn ---uucaa
|
| 181 |
|
0 |
|a i
|
| 182 |
|
0 |
|a b
|
| 200 |
1 |
|
|a Локальный d-оператор дробного дифференцирования и дробного интегрирования комплексных порядков вещественной переменной
|f В. А. Чуриков
|
| 203 |
|
|
|a Текст
|c электронный
|
| 225 |
1 |
|
|a Прикладные задачи математики в области инженерных наук
|
| 230 |
|
|
|a 1 компьютерный файл (pdf; 359 Кб)
|
| 300 |
|
|
|a Заглавие с титульного экрана
|
| 320 |
|
|
|a [Библиогр.: с. 289 (17 назв.)]
|
| 337 |
|
|
|a Adobe Reader
|
| 463 |
|
0 |
|0 (RuTPU)RU\TPU\conf\3116
|t Современное состояние и проблемы естественных наук
|o сборник трудов Всероссийской научно-практической конференции молодых ученых, аспирантов и студентов, г. Юрга, 17-18 апреля 2014 г.
|f Национальный исследовательский Томский политехнический университет (ТПУ), Юргинский технологический институт (филиал) (ЮТИ), Кафедра естественного научного образования (ЕНО) ; под ред. Е. В. Полицинского и др.
|v [С. 283-289]
|d 2014
|
| 610 |
1 |
|
|a труды учёных ТПУ
|
| 610 |
1 |
|
|a электронный ресурс
|
| 610 |
1 |
|
|a дробное дифференцирование
|
| 610 |
1 |
|
|a дробное интегрирование
|
| 610 |
1 |
|
|a комплексные порядки
|
| 610 |
1 |
|
|a вещественные переменные
|
| 610 |
1 |
|
|a дробный анализ
|
| 700 |
|
1 |
|a Чуриков
|b В. А.
|c российский математик
|c доцент Томского политехнического университета, кандидат физико-математических наук
|f 1960-
|g Виктор Анатольевич
|2 stltpush
|3 (RuTPU)RU\TPU\pers\25597
|
| 712 |
0 |
2 |
|a Национальный исследовательский Томский политехнический университет (ТПУ)
|b Физико-технический институт (ФТИ)
|b Кафедра высшей математики и математической физики (ВММФ)
|h 139
|2 stltpush
|3 (RuTPU)RU\TPU\col\18727
|
| 801 |
|
2 |
|a RU
|b 63413507
|c 20140514
|g RCR
|
| 856 |
4 |
|
|u http://www.lib.tpu.ru/fulltext/c/2014/C68/092.pdf
|
| 942 |
|
|
|c BK
|